[Event "ESP-chT Div Honor 2018"]
[Site "Linares"]
[Date "2018.08.08"]
[Round "3"]
[White "Aroshidze, Levan"]
[Black "Alshameary Puente, Ismael"]
[Result "1-0"]
[WhiteElo "2504"]
[BlackElo "2343"]
[TimeControl "40/5400+30:1800+30"]
[Annotator "ChessBase"]
[EventDate "2018.08.06"]
[PlyCount "71"]
[EventType "team-tourn"]
[EventCountry "ESP"]

1. e4 c5 2. Nf3 d6 3. d4 cxd4 4. Nxd4 Nf6 5. Nc3 a6 6. f3 e5 7. Nb3 Be6 8.
Be3 Be7 9. Qd2 O-O 10. O-O-O a5 11. a4 Nc6 12. g4 Nb4 13. Kb1 Rc8 14. g5
Nh5 15. Rg1 Qc7 16. Qf2 f5 17. Bb6 Qb8 18. Qd2 Nf4 19. Bxa5 Nxc2 20. Qxc2
Qa7 21. Bb5 d5 22. exd5 Nxd5 23. Nxd5 Rxc2 24. Bb6 Qxb6 25. Nxb6 Bxb3 26.
Rd3 Bc5 27. Rxb3 Bxb6 28. Kxc2 Bxg1 29. Bc4+ Kh8 30. Rxb7 Ra8 31. a5 g6 32.
a6 Bxh2 33. b4 Bg1 34. b5 h6 35. gxh6 Ra7 36. b6 1-0

[Event "ESP-chT Div Honor 2018"]
[Site "Linares"]
[Date "2018.08.08"]
[Round "3"]
[White "Ubilava, Elizbar"]
[Black "Paehtz, Elisabeth"]
[Result "0-1"]
[WhiteElo "2485"]
[BlackElo "2500"]
[TimeControl "40/5400+30:1800+30"]
[Annotator "ChessBase"]
[EventDate "2018.08.06"]
[PlyCount "58"]
[EventType "team-tourn"]
[EventCountry "ESP"]

1. Nf3 c5 2. c4 Nc6 3. Nc3 Nf6 4. g3 d5 5. cxd5 Nxd5 6. Bg2 Nc7 7. O-O e5
8. a3 Rb8 9. d3 Be7 10. Nd2 Bd7 11. Nc4 f6 12. f4 b5 13. fxe5 bxc4 14. exf6
Bxf6 15. Ne4 O-O 16. Nxf6+ Rxf6 17. dxc4 Rxf1+ 18. Qxf1 Nd4 19. b4 Qe7 20.
Bf4 Nxe2+ 21. Kh1 Nxf4 22. Qxf4 Qf6 23. Qxf6 gxf6 24. bxc5 Be6 25. Rd1 Kf7
26. h4 Ke7 27. Bc6 Na6 28. Re1 Nxc5 29. g4 Nd3 0-1

[Event "ESP-chT Div Honor 2018"]
[Site "Linares"]
[Date "2018.08.08"]
[Round "3"]
[White "Suarez Garcia, Carlos"]
[Black "Vega Gutierrez, Sabrina Neide"]
[Result "0-1"]
[WhiteElo "2468"]
[BlackElo "2390"]
[Annotator "TA"]
[EventDate "2018.08.06"]
[PlyCount "106"]
[EventType "team-tourn"]
[EventCountry "ESP"]

1. e4 c5 2. Nf3 Nc6 3. c3 d5 4. exd5 Qxd5 5. d4 Nf6 6. dxc5 Qxd1+ 7. Kxd1
e6 8. b4 a5 9. Bb5 Bd7 10. Bb2 axb4 11. Bxc6 $1 Bxc6 12. cxb4 Nd5 $146 13.
Bc3 Nf4 14. Nbd2 $15 Nxg2 15. Kc2 Nf4 16. Rhe1 f6 17. Nd4 Ba4+ 18. N2b3 e5
19. Nf5 O-O-O 20. Rad1 Bd7 21. Ne3 Be7 22. Kb2 Be6 23. Nc1 Nh3 24. f3 Ng5
25. Rxd8+ Rxd8 26. Rf1 Bh3 27. Rf2 Ne6 28. a4 g5 29. Ne2 Nxc5 $1 30. bxc5
Bxc5 31. Ng1 Bd7 32. Ba5 Bxe3 $19 33. Rc2+ Bc6 34. Bxd8 Kxd8 35. Ne2 Bxf3
$2 36. Rc3 $15 Bxe2 37. Rxe3 $17 Bg4 38. Rb3 Bc8 39. Rb6 Ke7 40. Kc3 h5 41.
Kc4 g4 42. Kd5 h4 $19 43. a5 $2 g3 44. hxg3 hxg3 45. Rb2 b6 $1 46. Rxb6 g2
47. Rb1 Ba6 $1 48. Rg1 Kd7 $2 49. Kc5 $2 Bf1 50. Kb6 Kc8 51. Ka7 f5 52. a6
f4 53. Ka8 Bxa6 0-1

[Event "ESP-chT Div Honor 2018"]
[Site "Linares"]
[Date "2018.08.08"]
[Round "3"]
[White "Moreno Tejera, Emilio"]
[Black "Osmak, Iulija"]
[Result "1-0"]
[WhiteElo "2429"]
[BlackElo "2410"]
[Annotator "TA"]
[EventDate "2018.08.06"]
[PlyCount "119"]
[EventType "team-tourn"]
[EventCountry "ESP"]

1. e4 e6 2. d4 d5 3. Nc3 Nf6 4. e5 Nfd7 5. f4 c5 6. Nf3 Be7 7. Be3 b6 8.
Qd2 O-O 9. Be2 Nc6 10. O-O f5 11. Nd1 cxd4 12. Nxd4 Nxd4 13. Bxd4 Nc5 14.
Nf2 Bb7 15. Rad1 Qe8 $146 16. b4 Ne4 17. Nxe4 dxe4 18. c4 Qa4 $36 19. Bc3
Rad8 20. Qb2 g5 21. fxg5 Bxg5 22. Rd6 Qe8 $1 $17 23. Rfd1 Qg6 24. c5 f4 $1
$19 25. c6 $2 f3 26. Bb5 f2+ 27. Kf1 Qh5 $1 28. Rxd8 Bxd8 29. Qe2 Qxh2 30.
Qg4+ Kh8 31. Ke2 Bc8 $2 32. Qxe4 $2 Qh5+ $2 33. Kd2 $1 $14 Rf4 $1 34. Qe2
Qg6 35. Qd3 Qg8 36. Kc2 Bc7 37. Rh1 a6 38. Qe3 Qxg2 39. Bf1 Qe4+ $2 40.
Qxe4 $18 Rxe4 41. Bd3 Re3 42. Bd4 f1=Q 43. Rxf1 Rg3 44. Rh1 Rg7 45. a4 Kg8
46. b5 a5 47. Kd2 Bd8 48. Ke2 Rg2+ 49. Kf3 Ra2 50. Rg1+ Kh8 51. Be3 Rxa4
52. Bh6 Ra3 53. Ke2 Ra2+ 54. Ke3 Be7 55. Bg7+ Kg8 56. Bf6+ Kf8 57. Bxe7+
Kxe7 58. Rg8 a4 59. Rxc8 a3 60. Ra8 1-0

[Event "ESP-chT Div Honor 2018"]
[Site "Linares"]
[Date "2018.08.08"]
[Round "3"]
[White "Ramiro Ovejero, Juan Luis"]
[Black "Santos Latasa, Jaime"]
[Result "0-1"]
[WhiteElo "2382"]
[BlackElo "2582"]
[Annotator "TA"]
[EventDate "2018.08.06"]
[PlyCount "130"]
[EventType "team-tourn"]
[EventCountry "ESP"]

1. e4 e5 2. Nf3 Nc6 3. Bb5 a6 4. Ba4 Nf6 5. O-O Be7 6. Re1 b5 7. Bb3 d6 8.
c3 O-O 9. h3 Nb8 10. d4 Nbd7 11. Nbd2 Bb7 12. Bc2 Re8 13. Nf1 Bf8 14. Ng3
g6 15. Bg5 h6 16. Bd2 Bg7 17. a4 Nb6 18. Qc1 Kh7 19. b3 bxa4 20. bxa4 Nc4
$146 21. Bd3 Nxd2 22. Qxd2 Kg8 23. Rab1 Bc8 24. Qa2 c6 25. a5 Qc7 26. Qa4
Nd7 27. Nf1 Bb7 28. N1d2 Rab8 29. Nc4 $1 $14 Ba8 30. Rxb8 Rxb8 31. Rb1 Rb5
32. Qa2 Rb8 33. Rxb8+ Qxb8 34. Ne3 Bb7 35. Bc4 $1 Qe8 36. d5 Nc5 $11 37.
Nd2 Bf6 38. dxc6 Bxc6 39. Bd5 Bg5 40. Ndc4 Bxe3 41. fxe3 Qd7 42. Qb1 Bb5
43. Nb6 Qc7 44. c4 Bc6 45. Kf2 Kg7 46. Kf3 h5 47. Qd1 Bd7 48. Qe1 Qd8 49.
Nxd7 Qxd7 50. Qb4 Qe7 51. Qb6 h4 $1 $17 52. Ke2 $2 Qg5 $19 53. Qxd6 Qxg2+
54. Ke1 Qg1+ $2 55. Ke2 Qh2+ $1 56. Kd1 Nb3 $2 57. Bxf7 $1 $11 Qg1+ 58. Kc2
Nxa5 59. Qxe5+ Kxf7 60. Qc7+ Ke6 61. Qb6+ Kd7 62. Qxa5 Qg2+ 63. Kd3 Qf1+
64. Kd4 $2 Qd1+ 65. Kc5 Qd6# 0-1

[Event "ESP-chT Div Honor 2018"]
[Site "Linares"]
[Date "2018.08.08"]
[Round "3"]
[White "Matnadze, Ana"]
[Black "Collazo Hidalgo Gato, Niala"]
[Result "0-1"]
[WhiteElo "2378"]
[BlackElo "2199"]
[TimeControl "40/5400+30:1800+30"]
[Annotator "NA"]
[EventDate "2018.08.06"]
[PlyCount "62"]
[EventType "team-tourn"]
[EventCountry "ESP"]

1. e4 g6 2. Nc3 Bg7 3. b3 c5 4. Bb2 b6 5. Nf3 Bb7 6. d4 cxd4 7. Nxd4 Nf6 8.
e5 Nh5 9. Nf3 O-O 10. Nd5 e6 11. Ne3 f6 12. Qd6 Bxf3 13. gxf3 Nc6 14. Bb5
Nxe5 15. O-O-O Rf7 16. Bxe5 Bf8 17. Qd2 fxe5 18. Bxd7 Qe7 19. Bc6 Rc8 20.
Bb5 a6 21. Bf1 e4 22. Nc4 Bg7 23. Bh3 Nf4 24. Bf1 Nd5 25. c3 Nxc3 26. Bh3
b5 27. Qd7 Qg5+ 28. Qd2 Qf6 29. Kc2 Nxd1 30. Qd6 Nxf2 31. Rb1 Qc3# 0-1

[Event "ESP-chT Div Honor 2018"]
[Site "Linares"]
[Date "2018.08.08"]
[Round "3"]
[White "Gines Esteo, Pedro Antonio"]
[Black "Assaubayeva, Bibissara"]
[Result "0-1"]
[WhiteElo "2336"]
[BlackElo "2346"]
[TimeControl "40/5400+30:1800+30"]
[Annotator "NA"]
[EventDate "2018.08.06"]
[PlyCount "98"]
[EventType "team-tourn"]
[EventCountry "ESP"]

1. d4 Nf6 2. c4 g6 3. Nc3 Bg7 4. e4 d6 5. Be2 O-O 6. Be3 c5 7. d5 e6 8. Nf3
exd5 9. cxd5 Bg4 10. O-O Nbd7 11. Nd2 Bxe2 12. Qxe2 a6 13. a4 Qe7 14. a5
Ne8 15. Ra4 Nc7 16. f4 b5 17. axb6 Nxb6 18. Ra5 f5 19. e5 Ncxd5 20. Nxd5
Nxd5 21. Qc4 Qf7 22. Bf2 dxe5 23. fxe5 Bxe5 24. Nf3 Bf6 25. Rfa1 Nb4 26.
Qxf7+ Rxf7 27. Bxc5 Nd3 28. Bd4 Bxd4+ 29. Nxd4 Rb7 30. Rxa6 Rxa6 31. Rxa6
Rxb2 32. g3 Nf2 33. Ra7 Nh3+ 34. Kh1 Ng5 35. Ra3 Kg7 36. Nf3 Nh3 37. Ra7+
Kh6 38. Rd7 g5 39. Ne5 g4 40. Nxg4+ fxg4 41. Rxh7+ Kg6 42. Rg7+ Kf5 43.
Rf7+ Ke4 44. Re7+ Kf3 45. Rf7+ Ke2 46. Re7+ Kf1 47. Re1+ Kf2 48. Rf1+ Ke3
49. Rf3+ gxf3 0-1

[Event "ESP-chT Div Honor 2018"]
[Site "Linares"]
[Date "2018.08.08"]
[Round "3"]
[White "Silva Lucena, Cristian"]
[Black "Moskalenko, Viktor"]
[Result "0-1"]
[WhiteElo "2237"]
[BlackElo "2504"]
[Annotator "TA"]
[EventDate "2018.08.06"]
[PlyCount "90"]
[EventType "team-tourn"]
[EventCountry "ESP"]

1. e4 d6 2. d4 g6 3. Nc3 Bg7 4. Be3 a6 5. h4 Nf6 6. f3 b5 7. Qd2 h5 8.
O-O-O c6 9. e5 $146 b4 10. exf6 $14 bxc3 11. Qxc3 Bxf6 12. Bg5 Bg7 13. Re1
Ra7 $1 14. Qe3 Rb7 15. Bc4 c5 16. Bd5 Bxd4 17. Qf4 $2 f6 18. c3 Be5 19. Qe4
Bf5 20. Qc4 Qb6 $1 $17 21. Bxb7 Qxb7 22. Be3 Nd7 $1 $40 23. Ne2 d5 24. Qb3
Qc6 25. f4 Bd6 $1 $19 26. Ng3 Bd3 27. Qd1 c4 $1 28. Ne2 Kf7 29. Nd4 Qb7 30.
g4 Nc5 31. Nc2 $2 Bxc2 32. Kxc2 Nd3 33. Bc1 Nxe1+ 34. Rxe1 hxg4 35. Qxg4
Qc8 36. Qxc8 Rxc8 37. b3 Rh8 38. Rh1 Ke6 39. b4 Kf5 40. a4 Bxf4 41. Ba3 Bd6
42. Bc1 Bf4 43. Ba3 $1 e5 44. b5 axb5 45. axb5 Ra8 0-1

[Event "ESP-chT Div Honor 2018"]
[Site "Linares"]
[Date "2018.08.09"]
[Round "4"]
[White "Harikrishna, P."]
[Black "Kokarev, Dmitry"]
[Result "1-0"]
[WhiteElo "2739"]
[BlackElo "2608"]
[Annotator "TA"]
[EventDate "2018.08.06"]
[PlyCount "103"]
[EventType "team-tourn"]
[EventCountry "ESP"]

1. e4 c5 2. Nf3 d6 3. d4 Nf6 4. Nc3 cxd4 5. Nxd4 a6 6. h3 e5 7. Nde2 b5 8.
Ng3 Qc7 9. Bd3 g6 10. Bg5 Nbd7 11. O-O Bg7 12. a4 $146 bxa4 13. Rxa4 O-O
14. Qd2 Bb7 15. Ra3 Nc5 16. Bxf6 Bxf6 17. Bc4 Ne6 18. Nd5 Bxd5 $1 19. Bxd5
Ra7 20. Rfa1 Qb6 21. Rb3 Qc7 22. Ne2 Rb8 23. Rc3 Qd7 24. Ra2 Bg5 25. Qd1
Bd8 26. Rd3 Nc5 27. Rf3 Ne6 28. Nc3 a5 29. b3 Kg7 30. Bxe6 fxe6 31. Rd3 Ra6
32. Na4 Bb6 33. Nxb6 $16 Rbxb6 34. c4 Rc6 35. Qd2 Qa7 36. h4 h6 37. Qc3 Qc5
38. Rd1 Rcb6 39. Qh3 Qc8 40. Rda1 Qc5 41. Qxe6 $18 Ra7 42. h5 gxh5 43. Rd1
Qc7 44. Rd3 Qf7 45. Rg3+ Kh7 46. Qxf7+ Rxf7 47. Rxa5 Rfb7 48. Rd3 Rxb3 49.
Rxd6 Rb1+ 50. Kh2 Rf7 51. Rxe5 Rxf2 52. Rxh5 1-0

[Event "ESP-chT Div Honor 2018"]
[Site "Linares"]
[Date "2018.08.09"]
[Round "4"]
[White "Vitiugov, Nikita"]
[Black "Navara, David"]
[Result "1/2-1/2"]
[WhiteElo "2730"]
[BlackElo "2741"]
[Annotator "TA"]
[EventDate "2018.08.06"]
[PlyCount "120"]
[EventType "team-tourn"]
[EventCountry "ESP"]

1. d4 Nf6 2. c4 e6 3. g3 d5 4. Bg2 Be7 5. Nf3 O-O 6. O-O dxc4 7. Qc2 a6 8.
a4 Bd7 9. Rd1 Bc6 10. Bg5 b5 11. Bxf6 Bxf6 12. Nc3 Qe8 13. e4 g6 14. h4 Nd7
15. axb5 axb5 16. Rxa8 Qxa8 17. d5 $146 exd5 18. exd5 Bb7 19. Nxb5 Qa5 20.
Nc3 Bxc3 21. Qxc3 Qxc3 22. bxc3 Nb6 23. Ne5 Re8 24. Ng4 Kg7 25. h5 gxh5 26.
Ne3 Rd8 27. Rd4 Ba6 28. Bf1 Bb5 29. d6 cxd6 30. Nf5+ Kf8 31. Nxd6 Ba6 32.
Be2 Na4 33. Nxc4 Rxd4 34. cxd4 $11 Nc3 35. Bf1 Bxc4 36. Bxc4 Ne4 37. Bd3
Nd6 38. Bxh7 Nb5 39. d5 Nc3 40. d6 Nb5 41. d7 Ke7 42. Bc2 Nc3 43. Bb3 f6
44. Be6 $1 $16 Ne2+ 45. Kf1 Nd4 46. Bh3 f5 $1 $11 47. Ke1 Kxd7 48. Kd2 h4
49. Ke3 hxg3 50. fxg3 Nc6 51. Kf4 Ke6 52. Bxf5+ Kf6 53. g4 Nd4 54. g5+ Kg7
55. Bd7 Kg6 56. Kg4 Kg7 57. Kf4 Kg6 58. Be8+ Kg7 59. Ke5 Nf3+ 60. Kf4 Nxg5
1/2-1/2

[Event "ESP-chT Div Honor 2018"]
[Site "Linares"]
[Date "2018.08.09"]
[Round "4"]
[White "Kryvoruchko, Yuriy"]
[Black "Banusz, Tamas"]
[Result "1/2-1/2"]
[WhiteElo "2711"]
[BlackElo "2612"]
[Annotator "TA"]
[EventDate "2018.08.06"]
[PlyCount "31"]
[EventType "team-tourn"]
[EventCountry "ESP"]

1. e4 e5 2. Nf3 Nf6 3. Nxe5 d6 4. Nf3 Nxe4 5. Nc3 Nxc3 6. dxc3 Be7 7. Be3
O-O 8. Qd2 Nd7 9. O-O-O c6 10. Bd3 d5 11. h4 Nc5 12. Ng5 $146 h6 13. Bh7+
Kh8 14. Bd3 Kg8 15. Bh7+ Kh8 16. Bd3 1/2-1/2

[Event "ESP-chT Div Honor 2018"]
[Site "Linares"]
[Date "2018.08.09"]
[Round "4"]
[White "Leko, Peter"]
[Black "Oparin, Grigoriy"]
[Result "1/2-1/2"]
[WhiteElo "2691"]
[BlackElo "2609"]
[Annotator "TA"]
[EventDate "2018.08.06"]
[PlyCount "67"]
[EventType "team-tourn"]
[EventCountry "ESP"]

1. e4 e5 2. Nf3 Nc6 3. Bb5 a6 4. Ba4 Nf6 5. O-O Be7 6. Re1 b5 7. Bb3 d6 8.
c3 O-O 9. h3 Nb8 10. d4 Nbd7 11. Nbd2 Bb7 12. Bc2 Re8 13. Nf1 Bf8 14. Ng3
g6 15. Bg5 h6 16. Bd2 Bg7 17. Qc1 Kh7 18. a4 Nb6 19. axb5 axb5 20. Rxa8
Bxa8 $146 21. b3 Nbd7 22. Bd3 c6 23. Qc2 Bb7 24. Be3 d5 25. dxe5 dxe4 26.
Nxe4 Nxe4 27. Bxe4 Nxe5 28. Nxe5 Rxe5 29. c4 Qe7 30. Bf3 c5 31. Bxb7 Qxb7
32. Rc1 bxc4 33. bxc4 Qe7 34. Rd1 1/2-1/2

[Event "ESP-chT Div Honor 2018"]
[Site "Linares"]
[Date "2018.08.09"]
[Round "4"]
[White "Ponomariov, Ruslan"]
[Black "Rodshtein, Maxim"]
[Result "1/2-1/2"]
[WhiteElo "2686"]
[BlackElo "2678"]
[Annotator "TA"]
[EventDate "2018.08.06"]
[PlyCount "60"]
[EventType "team-tourn"]
[EventCountry "ESP"]

1. e4 e5 2. Nf3 Nc6 3. Bc4 Bc5 4. O-O Nf6 5. d3 d6 6. c3 O-O 7. Bg5 h6 8.
Bh4 a6 9. Bb3 g5 10. Bg3 Ba7 11. Nbd2 Kg7 12. Nc4 Ne7 13. Re1 $146 Nh5 14.
d4 f6 15. Ne3 $14 Qe8 16. Qd3 Bd7 17. Rad1 Ng6 18. Nf5+ Kh7 19. Nd2 Ngf4
20. Bxf4 Nxf4 21. Qf3 Qg6 22. Ne7 Qg7 23. Nf5 Qg6 24. Ne7 Qg7 25. Nf5 $36
Qg6 26. Ne7 Qg7 27. Nf5 Qg6 28. Ne7 Qg7 29. Nf5 Qg6 30. Ne7 Qg7 1/2-1/2

[Event "ESP-chT Div Honor 2018"]
[Site "Linares"]
[Date "2018.08.09"]
[Round "4"]
[White "Jones, Gawain C B"]
[Black "Anton Guijarro, David"]
[Result "1/2-1/2"]
[WhiteElo "2666"]
[BlackElo "2652"]
[Annotator "TA"]
[EventDate "2018.08.06"]
[PlyCount "108"]
[EventType "team-tourn"]
[EventCountry "ESP"]

1. e4 e5 2. Nf3 Nc6 3. Bb5 a6 4. Ba4 Nf6 5. O-O Nxe4 6. d4 b5 7. Bb3 d5 8.
dxe5 Be6 9. Qe2 Nc5 10. Rd1 Nxb3 11. axb3 Be7 12. c4 b4 13. cxd5 Bxd5 14.
Qd3 Be4 15. Qe2 Bd5 16. Rxa6 Rxa6 17. Qxa6 O-O 18. Qb5 Bc4 $1 19. Rxd8 Bxb5
20. Rxf8+ $146 Kxf8 21. Be3 Ke8 22. Nbd2 Kd7 23. Ne4 Ke6 24. Neg5+ Kd5 25.
Nxf7 h6 26. h4 Be2 $17 27. h5 Bxf3 28. gxf3 Ke6 29. Nh8 Nxe5 30. Kf1 Bf6
31. Ke2 Kd5 32. f4 Nc6 $1 33. Kd3 Bxb2 34. Ng6 Bc3 35. f5 Ne5+ 36. Ke2 Nd7
37. Bf4 $15 Nc5 38. Ne7+ $11 Ke4 39. Bxc7 Nxb3 40. f3+ Kd4 41. f6 $1 gxf6
42. Bf4 Kc4 43. Nf5 Nd4+ 44. Nxd4 Kxd4 45. Bxh6 b3 46. Kd1 $1 Kd3 47. Kc1
f5 48. Kb1 Ke2 49. Bc1 Bg7 50. h6 Bxh6 $1 51. Bxh6 Kxf3 52. Kb2 f4 53. Bxf4
Kxf4 54. Kxb3 Ke5 1/2-1/2

[Event "ESP-chT Div Honor 2018"]
[Site "Linares"]
[Date "2018.08.09"]
[Round "4"]
[White "Shirov, Alexei"]
[Black "Mirzoev, Azer"]
[Result "1-0"]
[WhiteElo "2631"]
[BlackElo "2510"]
[TimeControl "40/5400+30:1800+30"]
[Annotator "RC"]
[EventDate "2018.08.06"]
[PlyCount "61"]
[EventType "team-tourn"]
[EventCountry "ESP"]

1. e4 e6 2. d4 d5 3. Nc3 dxe4 4. Nxe4 Nd7 5. g4 Ngf6 6. Nxf6+ Nxf6 7. g5
Qd5 8. Nf3 Qe4+ 9. Qe2 Qxe2+ 10. Bxe2 Nd5 11. c4 Nb4 12. O-O Bd7 13. a3 Nc6
14. d5 exd5 15. cxd5 Ne7 16. Ne5 Ng6 17. Nxd7 Kxd7 18. b4 Bd6 19. f4 a6 20.
Bb2 Rhg8 21. Bg4+ Kd8 22. Rae1 Ne7 23. f5 Nxd5 24. Bh5 g6 25. fxg6 fxg6 26.
Bf3 Nf4 27. Bg4 c6 28. Be5 Bxe5 29. Rxe5 Nd5 30. Rf7 Nb6 31. Rxb7 1-0

[Event "ESP-chT Div Honor 2018"]
[Site "Linares"]
[Date "2018.08.09"]
[Round "4"]
[White "Rakhmanov, Aleksandr"]
[Black "Perez Candelario, Manuel"]
[Result "1/2-1/2"]
[WhiteElo "2629"]
[BlackElo "2611"]
[Annotator "TA"]
[EventDate "2018.08.06"]
[PlyCount "165"]
[EventType "team-tourn"]
[EventCountry "ESP"]

1. d4 Nf6 2. Nf3 g6 3. g3 Bg7 4. Bg2 O-O 5. O-O d6 6. b3 e5 7. dxe5 dxe5 8.
Ba3 Qxd1 9. Rxd1 Re8 10. c4 e4 11. Nd4 c6 12. Nc3 Na6 13. e3 h5 $146 14. h3
Nc7 15. Rd2 Ne6 16. Nxe6 Bxe6 17. Rad1 Bf5 18. Ne2 Nh7 19. Nd4 Bc8 20. b4
a6 21. Bb2 Ng5 22. Kh2 a5 23. b5 c5 24. Ne2 Be6 25. Bxg7 Kxg7 26. Nc3 Bxc4
27. Rd7 b6 $36 28. R1d6 Rab8 $17 29. a4 Bb3 30. Rc6 Nf3+ $1 31. Bxf3 exf3
32. h4 Rbd8 $1 33. Rxd8 Rxd8 34. Rxb6 Rd2 $1 35. Ne4 Rc2 $2 36. Rd6 $15
Bxa4 37. b6 c4 $2 38. g4 $2 hxg4 39. Kg3 Rc1 $2 40. Nc5 $2 Rg1+ 41. Kf4 c3
42. b7 $1 Rb1 $1 43. Nxa4 $11 c2 $1 44. Rc6 Rxb7 45. Kxg4 Rb4+ 46. Kg3 Rxa4
47. Rxc2 $15 Rb4 48. Rc5 a4 49. h5 a3 50. Ra5 gxh5 51. Rxa3 Kg6 52. Ra8 f5
53. Kxf3 Kg5 54. Rg8+ Kf6 55. Kg3 Re4 56. Rh8 Kg5 57. f4+ Kg6 58. Kf3 Re7
59. Ra8 h4 60. Ra6+ Kg7 61. Ra1 Re6 62. Rh1 Rh6 63. Kg2 Re6 64. Kf3 Rh6 65.
Rh2 Kf7 66. Ra2 Rh8 67. Ra7+ Kf6 68. Ra6+ Kf7 69. Kg2 Re8 70. Kh3 Rxe3+ 71.
Kxh4 Re6 72. Ra7+ Kg6 73. Ra8 Rf6 74. Rg8+ Kf7 75. Kg5 $1 Kxg8 76. Kxf6 Kf8
77. Kxf5 $11 Kf7 78. Kg5 Kg7 79. f5 Kf7 80. f6 Kf8 81. Kg6 Kg8 82. f7+ Kf8
83. Kf6 $2 1/2-1/2

[Event "ESP-chT Div Honor 2018"]
[Site "Linares"]
[Date "2018.08.09"]
[Round "4"]
[White "Antipov, Mikhail Al"]
[Black "Meier, Georg"]
[Result "1/2-1/2"]
[WhiteElo "2598"]
[BlackElo "2638"]
[Annotator "TA"]
[EventDate "2018.08.06"]
[PlyCount "77"]
[EventType "team-tourn"]
[EventCountry "ESP"]

1. e4 e6 2. d4 d5 3. Nc3 Nf6 4. e5 Nfd7 5. f4 c5 6. Nf3 Nc6 7. Be3 cxd4 8.
Nxd4 Bc5 9. Qd2 Nxd4 10. Bxd4 Bxd4 11. Qxd4 Qb6 12. Qxb6 Nxb6 13. Nb5 Ke7
14. Nd4 f6 15. exf6+ $146 gxf6 16. O-O-O Bd7 17. Bd3 e5 18. Nf5+ Bxf5 19.
Bxf5 Kd6 20. Rhf1 Rag8 21. g3 h5 22. Rf3 Rg7 23. Be4 h4 24. Bxd5 $1 Nxd5
25. Rfd3 hxg3 26. hxg3 Kc7 27. Rxd5 Rxg3 28. fxe5 fxe5 29. Rxe5 $14 Rg7 30.
a4 Rh6 31. a5 Rd6 32. Rf1 Rgd7 33. c4 Rd4 34. b3 Rd2 $1 35. Rc5+ Kd8 36.
Rf8+ Ke7 37. Rb8 Ra2 $11 38. Re5+ Kf6 39. Rbe8 1/2-1/2

[Event "ESP-chT Div Honor 2018"]
[Site "Linares"]
[Date "2018.08.09"]
[Round "4"]
[White "Lopez Martinez, Josep Manuel"]
[Black "Santos Ruiz, Miguel"]
[Result "1/2-1/2"]
[WhiteElo "2585"]
[BlackElo "2517"]
[Annotator "TA"]
[EventDate "2018.08.06"]
[PlyCount "93"]
[EventType "team-tourn"]
[EventCountry "ESP"]

1. d4 Nf6 2. c4 e6 3. Nf3 d5 4. Nc3 c6 5. Bg5 h6 6. Bxf6 Qxf6 7. e3 g6 8.
Be2 Nd7 9. O-O Be7 $146 10. Nd2 O-O 11. f4 Rd8 12. Kh1 b6 13. Nf3 Bb7 14.
cxd5 cxd5 15. Bd3 Qg7 16. g4 Nf6 17. Ne5 Ne4 18. Bxe4 $1 dxe4 19. f5 Bf6 $1
20. fxe6 fxe6 21. Qb3 Bd5 22. Nxd5 exd5 23. g5 Bxe5 24. gxh6 Qe7 25. dxe5
Qxe5 26. Rf4 Rf8 27. Rd1 Rxf4 28. Rxd5 Rf1+ 29. Kg2 Rf2+ 30. Kxf2 Qxh2+ $11
31. Ke1 $132 Qg1+ 32. Kd2 Qf2+ 33. Kc1 Kh7 34. Qc3 Qf8 35. Qc7+ $14 Kxh6
36. Qh2+ Kg7 37. Rd7+ Kf6 38. Rc7 Ke6 $1 $11 39. Qe2 Rd8 40. Qc4+ Ke5 41.
b4 Qd6 42. Qc3+ $1 Kf5 43. Rf7+ Kg5 44. Rf1 Rd7 45. Rg1+ Kf5 46. Rf1+ Kg5
47. Rg1+ 1/2-1/2

[Event "ESP-chT Div Honor 2018"]
[Site "Linares"]
[Date "2018.08.09"]
[Round "4"]
[White "Santos Latasa, Jaime"]
[Black "Aroshidze, Levan"]
[Result "1-0"]
[WhiteElo "2582"]
[BlackElo "2504"]
[Annotator "TA"]
[EventDate "2018.08.06"]
[PlyCount "65"]
[EventType "team-tourn"]
[EventCountry "ESP"]

1. c4 Nf6 2. Nc3 c5 3. Nf3 b6 4. e3 g6 5. d4 Bg7 6. d5 O-O 7. e4 d6 8. h3
e5 9. g4 Na6 $146 10. Be3 Nc7 11. a3 Nfe8 12. Rg1 Kh8 13. Bd3 a6 14. b4 Qe7
15. Rb1 f5 $2 16. bxc5 $18 bxc5 17. gxf5 gxf5 18. exf5 e4 19. Nxe4 Bxf5 20.
Neg5 Qf6 21. Nh4 Qc3+ 22. Ke2 Bxd3+ 23. Qxd3 Qxd3+ 24. Kxd3 Bf6 25. Nf5 Rd8
26. Nh6 Bxg5 27. Rxg5 Rd7 28. Rb8 Rg7 29. Rf5 Rxf5 30. Nxf5 Rg6 31. Bf4 Rf6
32. Bxd6 Rxf5 33. Bxc7 1-0

[Event "ESP-chT Div Honor 2018"]
[Site "Linares"]
[Date "2018.08.09"]
[Round "4"]
[White "Volkov, Sergey"]
[Black "Vidit, Santosh Gujrathi"]
[Result "1/2-1/2"]
[WhiteElo "2557"]
[BlackElo "2715"]
[Annotator "TA"]
[EventDate "2018.08.06"]
[PlyCount "266"]
[EventType "team-tourn"]
[EventCountry "ESP"]

1. d4 Nf6 2. c4 e6 3. Nf3 d5 4. e3 b6 5. b3 Bb7 6. Bb2 Bd6 7. Bd3 O-O 8.
O-O Nbd7 9. Qe2 Ne4 10. cxd5 exd5 11. Ba6 Qc8 $146 12. Bxb7 Qxb7 13. Nc3 a6
14. Ne5 Nxc3 15. Bxc3 Nf6 16. Rac1 Rfe8 17. Bb2 Ne4 18. Rc2 f6 19. Nc6 Qc8
20. a4 Qf5 21. Ra1 Qd7 22. b4 Bf8 23. b5 axb5 24. Qxb5 Qe6 25. Qb3 Kh8 26.
h3 Bd6 27. a5 bxa5 28. Rxa5 Rxa5 29. Nxa5 g5 30. Ba3 c5 31. Bxc5 Rb8 32.
Qa2 Nxc5 33. dxc5 Bc7 34. Nb3 $1 d4 35. Nd2 $16 Qd7 36. Qa1 Qf5 37. Rb2 Rg8
38. Qa7 dxe3 $11 39. Nf1 Qd7 40. Qa6 Be5 41. Re2 exf2+ 42. Rxf2 Bd4 43. Kh1
Bxf2 44. Qxf6+ $15 Qg7 45. Qxf2 Rf8 46. Qe1 $1 Qd4 47. Ng3 Ra8 48. Kh2 $1
Qxc5 49. Qe6 Qc7 50. Qf6+ Qg7 51. Qe6 Rd8 52. Kh1 Rf8 $19 53. Nh5 Rf1+ 54.
Kh2 Qc7+ 55. Ng3 Rf8 56. Qe3 Qf4 57. Qc3+ Kg8 58. Kh1 Rb8 59. Qd3 Qe5 60.
Qc4+ Kh8 61. Qd3 Rc8 62. Qf3 Rb8 63. Qd3 $1 Kg8 64. Qc4+ $1 Kg7 65. Qd3 Rf8
66. Qd7+ Kh6 67. Qd3 Rf6 68. Qd8 Qf4 69. Qd3 Qc1+ 70. Kh2 Qc7 71. Kh1 Qf4
72. Kg1 Rf7 73. Kh1 Qf6 74. Qe2 Qg6 75. Kh2 Rf4 76. Qd1 Qf7 77. Qd6+ Kg7
78. Qe5+ Rf6 79. Qc3 Qg6 80. Qe5 Kh6 81. Qe2 Rf8 82. Qd1 Qf6 $1 $17 83. Qe2
Qf4 84. Qd3 Qe5 85. Kh1 $1 Kg7 86. Qd7+ $1 $19 Kh8 87. Qd3 Rb8 88. Qf3 h6
89. Qd3 Rf8 90. Kg1 Re8 91. Kh1 Rg8 92. Qf3 Rc8 93. Kh2 Kg7 94. Kg1 $2 Rc1+
95. Kh2 Rc3 96. Qf2 h5 97. Qa7+ Kf8 $2 98. Qf2+ Kg8 $2 99. Qa2+ $11 Kg7 $2
100. Qa7+ $19 Rc7 101. Qd4 Qxd4 102. Nf5+ Kf6 103. Nxd4 Ke5 104. Ne2 Rc2
105. Ng3 h4 106. Nf1 Kf4 107. Kg1 Ra2 108. Kh1 Ke4 109. Kg1 Kd3 110. Nh2
Ke3 111. Nf3 Kf4 112. Nh2 Rb2 113. Nf1 Rc2 114. Kh1 Rb2 115. Kg1 Ra2 $2
116. Kh1 $2 g4 117. hxg4 h3 118. gxh3 Kf3 119. g5 Kf2 120. Kh2 Kf3+ 121.
Kh1 Ra1 122. Kg1 Ke2 123. Kg2 Rxf1 124. h4 Ra1 $2 125. g6 $11 Ra6 126. h5
Ra5 127. Kg3 Rxh5 128. Kf4 Ra5 129. g7 Ra8 130. Kf5 Kf3 131. Kf6 Rg8 132.
Kf7 Rxg7+ 133. Kxg7 Ke4 1/2-1/2